00335nam a2200145Ia 4500008004100000020001500041041001200056082001600068100001300084245001900097260003300116300000800149650001500157700001700172221030s9999 xx 000 0 und d a8174463895 aEnglish a105.23bAhm aA. Ahmad 0aPassion to Win bExcel BooksaNew Delhic2004 a322 aManagement aO. P. Chopra